000 01065nam a22002777a 4500
005 20170504162929.0
010 _aENG-108872
020 _c950.00
_a9789381839027
035 _aEN-92405
035 _aB-534661-662
035 _aB-667862
037 _bDBAD/PUB
037 _bStar Pub/Ven
_adpl
082 _a025.10954
245 _aStrategic issues in library management /
_cedited by Chandrakanta Swain, Sunil Kumar Satpathy [and] Bijayalaxmi Rautaray
260 _aNew Delhi
_bAvon Publications
_c2013
270 _a5A-12, Ground Floor, Ansari Road Daryaganj
_bNew Delhi
_e110002
300 _axv,301p.
_c22cm(Hb)
500 _aIncludes index
700 _aSwain, Chandrakanta
700 _aSatpathy, Sunil Kumar
700 _aRautaray, Bijayalaxmi
942 _2ddc
_cEN
_mSTR
_h025.10954
999 _c81237
_d81237